Parachute 104/ (Record no. 3814)

MARC details
000 -LEADER
campo de control de longitud fija 01257nam a22003737a 4500
003 - IDENTIFICADOR DE NÚMERO DE CONTROL
campo de control OSt
005 - FECHA Y HORA DE LA ÚLTIMA TRANSACCIÓN
campo de control 20231103102431.0
008 - DATOS DE LONGITUD FIJA--INFORMACIÓN GENERAL
campo de control de longitud fija 221006b |||||||| |||| 00| 0 eng d
040 ## - FUENTE DE CATALOGACIÓN
Centro/agencia transcriptor Biblioteca Lado V
082 ## - NÚMERO DE LA CLASIFICACIÓN DECIMAL DEWEY
Número de clasificación 709
Número de ítem H557c
100 ## - ENTRADA PRINCIPAL--NOMBRE DE PERSONA
9 (RLIN) 846
Nombre de persona Hernandez, Jonathan
Término indicativo de función/relación Editor
245 ## - MENCIÓN DEL TÍTULO
Título Parachute 104/
Resto del título Conozca Mexico/
260 ## - PUBLICACIÓN, DISTRIBUCIÓN, ETC.
Lugar de publicación, distribución, etc. Universidad Nacional Costa Rica
Fecha de publicación, distribución, etc. 2000
Nombre del editor, distribuidor, etc. Mexico
300 ## - DESCRIPCIÓN FÍSICA
Dimensiones 18.5x24cm
Extensión 168p.
366 ## - INFORMACIÓN SOBRE DISPONIBILIDAD COMERCIAL
Nota spa
505 ## - NOTA DE CONTENIDO CON FORMATO
Título Mexico
505 ## - NOTA DE CONTENIDO CON FORMATO
Título Lutter Contre le Determinisme
505 ## - NOTA DE CONTENIDO CON FORMATO
Título Zones de Tolerance
505 ## - NOTA DE CONTENIDO CON FORMATO
Título Active Market
505 ## - NOTA DE CONTENIDO CON FORMATO
Título Ciudad de Mexico
505 ## - NOTA DE CONTENIDO CON FORMATO
Título Historia Verdadera de la Conquista de la nueva America
505 ## - NOTA DE CONTENIDO CON FORMATO
Título Chemist Offer Leaflet Gobelin
505 ## - NOTA DE CONTENIDO CON FORMATO
Título Horizontal | Ventical
505 ## - NOTA DE CONTENIDO CON FORMATO
Título Miguel Calderon
505 ## - NOTA DE CONTENIDO CON FORMATO
Título The Fear of Returning
505 ## - NOTA DE CONTENIDO CON FORMATO
Título echoes and shifts
505 ## - NOTA DE CONTENIDO CON FORMATO
Título Livres et revues_Books and Magazines
650 ## - PUNTO DE ACCESO ADICIONAL DE MATERIA--TÉRMINO DE MATERIA
Fuente del encabezamiento o término Tesauro de Arte & Arquitectura
Término de materia o nombre geográfico como elemento de entrada CULTURA
9 (RLIN) 703
650 ## - PUNTO DE ACCESO ADICIONAL DE MATERIA--TÉRMINO DE MATERIA
Fuente del encabezamiento o término Tesauro de Arte & Arquitectura
Término de materia o nombre geográfico como elemento de entrada EDUCACION
9 (RLIN) 702
650 ## - PUNTO DE ACCESO ADICIONAL DE MATERIA--TÉRMINO DE MATERIA
Fuente del encabezamiento o término Tesauro de Arte & Arquitectura
Término de materia o nombre geográfico como elemento de entrada TURISMO
9 (RLIN) 702
650 ## - PUNTO DE ACCESO ADICIONAL DE MATERIA--TÉRMINO DE MATERIA
Fuente del encabezamiento o término Tesauro de Arte & Arquitectura
Término de materia o nombre geográfico como elemento de entrada MEXICO
700 ## - ENTRADA AGREGADA--NOMBRE PERSONAL
Nombre de persona Navarreta, Jose Antonio
Término indicativo de función/relación editor
942 ## - ELEMENTOS DE ENTRADA SECUNDARIOS (KOHA)
Fuente del sistema de clasificación o colocación Clasificación Decimal Dewey
Tipo de ítem Koha Libros
Parte de la signatura que corresponde a la clasificación (Parte de la clasificación) 709
Parte de la signatura que identifica el ejemplar (Parte del ítem) H557c
Suprimir en OPAC No
Holdings
Estatus retirado Estado de pérdida Fuente del sistema de clasificación o colocación Estado de daño No para préstamo Colección Biblioteca de origen Biblioteca actual Fecha de adquisición Número de inventario Total de préstamos Signatura topográfica completa Código de barras Visto por última vez Precio de reemplazo Tipo de ítem Koha
    Clasificación Decimal Dewey     Revistas Biblioteca LadoV Biblioteca LadoV 08/06/2023 003142   709 H557c 003142 08/06/2023 08/06/2023 Libros